Aritmética: para segundo año

Gespeichert in:
Bibliographische Detailangaben
1. Verfasser: Fesquet, Hilda Ba Linskens, Marcela Ea Repetto, Celina Ha
Format: keine Angabe
Sprache:Spanisch
Erschienen: Buenos Aires Kapelusz 1960
Ausgabe:17a ed.
Katalog:MANES:  Suchergebnis im Bibliothekskatalog
Schulbuchspezifische Eigenschaften:
Tags: Tag hinzufügen
Keine Tags, Fügen Sie den ersten Tag hinzu!
Hinzugefügt zu:26.04.2016
Geändert in:07.05.2025

MARC

LEADER 000000000a22000000004500
001 36169
003 OSt
005 20250507125814.0
008 160427s ar ||||| |||| 00| 0 spa d
041 |a Español 
561 |5 ar-DOCE  |a Argentina. Biblioteca del Docente  |k MANES 
691 0 |a SE 
100 1 |a Fesquet, Hilda Ba  |9 18203  |a Linskens, Marcela Ea  |9 18385  |a Repetto, Celina Ha  |9 18469 
245 0 0 |a Aritmética: para segundo año 
250 |a 17a ed. 
260 3 |a Buenos Aires  |b Kapelusz  |c 1960 
300 |a 334 p.  |c 20 x 14 cm. 
500 |a Signatura Topográfica: HTA 1960 REPa. Para segundo año del Ciclo Básico Común a Bachillerato y magisterios y a las Escuelas de Comercio. 
690 0 |a MATE 
942 |2 ddc  |c BK 
546 |a Argentina 
999 |c 39741  |d 39741 
999 |c manes:39741  |d 39741